书目信息 |
| 题名: |
美国签证技巧和实例
|
|
| 作者: | 鲍勃恩, , 张超 著 | |
| 分册: | ||
| 出版信息: | 海口 南海出版公司 2000.01 |
|
| 页数: | [12], 276页 | |
| 开本: | 26cm | |
| 丛书名: | ||
| 单 册: | ||
| 中图分类: | D771.235 | |
| 科图分类: | ||
| 主题词: | 出入境管理--美国 | |
| 电子资源: | ||
| ISBN: | 7-5442-1491-5 | |
| 000 | 01110nam0 22002652 450 | |
| 001 | 192004003241 | |
| 005 | 20070914154145.82 | |
| 010 | @a7-5442-1491-5@dCNY39.00 | |
| 100 | @a20070602d2000 ekmy0chiy0121 ea | |
| 101 | 0 | @achi@aeng |
| 102 | @aCN@b460000 | |
| 105 | @ay z 000yy | |
| 200 | 1 | @a美国签证技巧和实例@Amei guo qian zheng ji qiao he shi li@d= American visa application tactics & examples@f(美) Richard Beaubien, 张超著@zeng |
| 210 | @a海口@c南海出版公司@d2000.01 | |
| 215 | @a[12], 276页@d26cm | |
| 300 | @a并列题名:American visa application tactics & examples | |
| 314 | @a责任者Richard 规范汉译姓为: 鲍勃恩 | |
| 330 | @a本书全面地对留学、探亲和商务等签证类型加以系统阐述。同时,精选了50个有代表性的范例,结合实践进行具体分析指导。全面、细致、深入地结合实例来论述美国签证,特别是对探亲的商务的进行了详细叙述。 | |
| 510 | 1 | @aAmerican visa application tactics & examples@zeng |
| 606 | 0 | @a出入境管理@y美国 |
| 690 | @aD771.235@v4 | |
| 701 | 1 | @a鲍勃恩,@Abao bo en@bR.@g(Richard, Beaubien)@e美@4著 |
| 701 | 0 | @a张超@Azhang chao@4著 |
| 801 | 0 | @aCN@c20070914 |
| 905 | @dD771.235@eB292 | |
| 美国签证技巧和实例= American visa application tactics & examples/(美) Richard Beaubien, 张超著.-海口:南海出版公司,2000.01 |
| [12], 276页;26cm |
| 并列题名:American visa application tactics & examples |
| ISBN 7-5442-1491-5:CNY39.00 |
| 本书全面地对留学、探亲和商务等签证类型加以系统阐述。同时,精选了50个有代表性的范例,结合实践进行具体分析指导。全面、细致、深入地结合实例来论述美国签证,特别是对探亲的商务的进行了详细叙述。 |
| ● |
| 相关链接 |
|
|
|
正题名:美国签证技巧和实例
索取号:D771.235/B292
 
预约/预借
| 序号 | 登录号 | 条形码 | 馆藏地/架位号 | 状态 | 备注 |
| 1 | 625978 | 206259788 | 社科库509/509社科库 78排5列3层/ [索取号:D771.235/B292] | 在馆 | |
| 2 | 625979 | 206259797 | 社科库509/509社科库 78排5列3层/ [索取号:D771.235/B292] | 在馆 | |
| 3 | 625980 | 206259804 | 社科库509/509社科库 78排5列3层/ [索取号:D771.235/B292] | 在馆 |